00985nam a22002417a 450000500170000001000150001702000270003203500140005903700090007308200080008210000270009024501250011726000450024227000790028730000220036649000110038850000290039970000300042894200170045899900190047595201190049495201300061320251222152725.0 aENG-147367 a9788195236879c1295.00 aEN-130899 bDBAD a954 aPathak Guptajit986145 aHistorical Trends And Cultural Identity Of India /bWings Of Social Dynamism: Facts And FacetscGuptajit PathakhEnglish aNew DelhibVidya Kutir Publicationc2021 a 137, Asola VillagebNew Delhie110074mvidyakurtirpublications@gmail.com a218p.c28 cm.(Pb) vvol 2  aStories of vedanta monks aSwami chetanananda976691 2ddccENh954 c210349d210349 001040718NFICaLbLd2025-03-18eDBADg1295.00l0o954p127653r2025-03-18 00:00:00t1v1295.00w2025-03-18yEN 001040708NFICaZLSbZLSd2025-03-18eDBADg1295.00l0o954 HISpEN-130899r2025-12-22 00:00:00t1v1295.00w2025-12-22yEN